| 000 | 00452nam a22001817a 4500 | ||
|---|---|---|---|
| 003 | BD-ChCU | ||
| 005 | 20260511122226.0 | ||
| 008 | 260511b ny ||||| |||| 00| 0 engd | ||
| 020 | _a9781434117588 | ||
| 040 | _cBD-ChCU | ||
| 082 |
_223 _a144.3 J27p |
||
| 100 |
_aJames, William. _922777 |
||
| 245 |
_aPragmatism / _cWilliam James. |
||
| 260 |
_aNew York : _bGlobal Grey, _c2019 |
||
| 300 | _a132 P. : | ||
| 504 | _aIncludes. | ||
| 942 |
_2ddc _cBK _n0 |
||
| 999 |
_c112872 _d112872 |
||